000 00336nam a2200157Ia 4500
001 18702
003 GE_BSU
008 181216s||||||||xx |||||||||||||| ||und||
040 _cGE_BSU
245 _aLe Point №2303. 27 octobre.2016.
260 _aParis
260 _c2016
300 _a98p,il,27cm.
653 _aLe Point
942 _cCR
999 _c51711
_d51711